Devinettes II : Jokes de papas level - Statistiques

Statistiques générales
  • Ce quiz a été pris 216 fois
  • Le résultat moyen est 4 sur 10
Statistiques - réponses
Hint Réponse % Correct
Qu'est ce qu'un steak qui n'en est pas un ? Une pastèque
68%
Avec quel objet ramasse-t-on la papaye ? Une foufourche
66%
Qu'est ce qu'une personne de petite taille qui distribue le courrier ? Un nainposteur
64%
Comment appelle-t-on un canidé qui vend des lunettes ? Un optichien
46%
Que demande un douanier à un cochon qui passe la frontière ? Son passeporc
37%
Comment s'appelle un boomerang qui ne revient pas ? Un bout de bois
37%
Quelle est la différence entre un 1000 pattes et un oiseau ? 998 pattes
35%
Quel est la différence entre un porc et un rat ? Aucun rapport
25%
Que dit une maman baleine à son enfant qui fait trop de bruit ? Cétacé
16%
Quelle est la couleur des parapluies quand il pleut ? Tout vert
14%
Aucun quiz correspondant
Distribution des résultats
% des personnes avec chaque résultat
Percentile par nombre de réponses
Votre historique - résultats
Vous n’avez pas pris ce quiz